Seis poemas inéditos / (Record no. 195548)

MARC details
000 -LEADER
campo de control de longitud fija 01562nam a2200385 i 4500
001 - NÚMERO DE CONTROL
campo de control 195548
003 - IDENTIFICADOR DE NÚMERO DE CONTROL
campo de control SpMaBN
005 - FECHA Y HORA DE LA ÚLTIMA TRANSACCIÓN
campo de control 20251204134013.0
007 - CAMPO FIJO DE DESCRIPCIÓN FÍSICA--INFORMACIÓN GENERAL
campo de control de longitud fija ta
008 - DATOS DE LONGITUD FIJA--INFORMACIÓN GENERAL
campo de control de longitud fija 240621s1988 sp o spa
015 ## - NÚMERO DE BIBLIOGRAFÍA NACIONAL
Número de bibliografía nacional 1990-MAR-5967
016 7# - NÚMERO DE CONTROL DE UNA AGENCIA BIBLIOGRÁFICA NACIONAL
Número de control del registro bimoBNE19910699116
Número de control cancelado/no válido SAB9000076152
Fuente SpMaBN
017 ## - NÚMERO DE COPYRIGHT O DE DEPÓSITO LEGAL
Número de copyright o de depósito legal MA 177-1988
Agencia que asigna Oficina Depósito Legal Málaga
020 ## - NÚMERO INTERNACIONAL ESTÁNDAR DEL LIBRO
Número Internacional Estándar del Libro 8477850070
035 ## - NÚMERO DE CONTROL DEL SISTEMA
Número de control de sistema (OCoLC)435387657
035 ## - NÚMERO DE CONTROL DEL SISTEMA
Número de control de sistema bimo0000069008
040 ## - FUENTE DE CATALOGACIÓN
Centro catalogador/agencia de origen SpMaBN
Lengua de catalogación spa
Centro/agencia transcriptor SpMaBN
Normas de descripción rdc
Centro/agencia modificador ES-MaACL
080 ## - NÚMERO DE LA CLASIFICACIÓN DECIMAL UNIVERSAL
Número de la Clasificación Decimal Universal 860-14"19"
100 1# - ENTRADA PRINCIPAL--NOMBRE DE PERSONA
Nombre de persona Hinojosa, José María,
Fechas asociadas al nombre 1904-1936
Número de control del registro de autoridad o número normalizado XX1057306
9 (RLIN) 63772
Término indicativo de función/relación Autor
245 10 - MENCIÓN DEL TÍTULO
Título Seis poemas inéditos /
Mención de responsabilidad, etc. José María Hinojosa ; edición e introducción de Juvenal Soto.
260 ## - PUBLICACIÓN, DISTRIBUCIÓN, ETC.
Lugar de publicación, distribución, etc. Málaga :
Nombre del editor, distribuidor, etc. Centro Cultural de la Generación del 27,
Fecha de publicación, distribución, etc. 1988.
300 ## - DESCRIPCIÓN FÍSICA
Extensión 32 p. :
Otras características físicas il. ;
Dimensiones 22 cm
336 ## - TIPO DE CONTENIDO
Fuente rdacontent
Término de tipo de contenido texto
337 ## - TIPO DE MEDIO
Fuente rdamedia
Nombre/término del tipo de medio sin mediación
338 ## - TIPO DE SOPORTE
Fuente rdacarrier
Nombre/término del tipo de soporte volumen
650 #4 - PUNTO DE ACCESO ADICIONAL DE MATERIA--TÉRMINO DE MATERIA
9 (RLIN) 16177
Término de materia o nombre geográfico como elemento de entrada Poesía española-
Subdivisión cronológica S.XX
655 #7 - TERMINO DE INDIZACIÓN--GENERO/FORMA
Fuente del término tgfbne
9 (RLIN) 176539
Datos o término principal de género/forma Poesías
700 ## - ENTRADA AGREGADA--NOMBRE PERSONAL
Nombre de persona Soto, Juvenal,
Fechas asociadas al nombre 1954-
Término indicativo de función/relación Editor
9 (RLIN) 237168
852 ## - LOCALIZACIÓN
Ubicación ES-MaACL
Ubicación en estantería Depósito folletos
Número de control de estantería FOLL-BUE-107
Anotaciones manuscritas Dedicatoria manuscrita del editor, Juvenal Soto, para Antonio Buero Vallejo en hoja de guarda: "Para Antonio Buero Vallejo con admiración y afecto [firma] abril de 1988".
Donativo/Legado Legado: Antonio Buero Vallejo
itemnumber 203754
903 ## - NOMBRE PERSONAL DE DONANTE
9 32421
a Buero Vallejo, Antonio,
q 1
d 1916-2000
e Donante
942 ## - ELEMENTOS DE ENTRADA SECUNDARIOS (KOHA)
Suprimir en OPAC No
Tipo de ítem Koha Folleto
Holdings
Estatus retirado Estado de pérdida Fuente del sistema de clasificación o colocación Estado de daño No para préstamo Colección Biblioteca de origen Biblioteca actual Ubicación en estantería Fecha de adquisición Fuente de adquisición Total de préstamos Signatura topográfica completa Código de barras Visto por última vez Tipo de ítem Koha Nota pública
    Clasificación decimal universal     Libros con dedicatorias Biblioteca del Ateneo de Madrid Biblioteca del Ateneo de Madrid Depósito folletos 21/06/2024 Legado   FOLL-BUE-107 101228621 21/06/2024 Folleto Dedicatoria manuscrita del editor, Juvenal Soto, para Antonio Buero Vallejo.